000 00827nas a2200277 4500
001 BR9204500
003 BR-BrBNA
005 20231205092736.0
007 ta
008 230509b bl.|||p| |||| 00| 00por d
040 _aBR-BrBNA
_bpor
_cBiblioteca Nacional de Agricultura
041 _a(Pt)
072 _aL70
100 1 _aWouk, A.F.P. de F.
100 1 _aPippi, N.L.
100 1 _aSantos, N.N. dos
100 1 _aCampello, R.A.V.
100 1 _aFan, L.C.R.
245 1 _aResposta do tecido diafragmatico as suturas com seda e com categute cromado em caes
650 _aCAO
650 _aSUTURA
650 _aVETERINARIA
773 0 _tRevista do Centro de Ciencias Rurais (Brazil)
_xISSN 0085-5901
_g(Sep 1980), v. 10(3) p. 219-223
_wBR9204500
909 _a202311
_bLúcia
_c55
_dLúcia Elande
942 _2AGRIS
_n0
_cANA
999 _c133827
_d133827